Panamá: Crece el descontento Social
Uloženo v:
| Médium: | Text |
|---|---|
| Jazyk: | Spanish |
| Tagy: |
Přidat tag
Žádné tagy, Buďte první, kdo vytvoří štítek k tomuto záznamu!
|
MARC
| LEADER | 00000 a a2200000 04500 | ||
|---|---|---|---|
| 001 | 17501 | ||
| 003 | cru CIDCACS/IIS | ||
| 005 | 20200114160335.0 | ||
| 008 | 200114b ||||| |||| 00| 0 spa d | ||
| 999 | |c 20689 |d 20689 | ||
| 040 | |c cru CIDCACS/IIS | ||
| 245 | |a Panamá: |b Crece el descontento Social | ||
| 773 | |g número 154; páginas 11-14 | ||
| 773 | 0 | |0 42391 |9 4269 |a Agencia Latinoamericana de Información, ALAI |d Quito, Ecuador: ALAI |o 07131 |t ALAI: |x 08275564 (Servicio mensual de información y documentación) | |
| 942 | |2 ddc |c PP | ||
